The kingdom of god (Record no. 9712)

MARC details
000 -LEADER
fixed length control field 00572nam a22001937a 4500
003 - CONTROL NUMBER IDENTIFIER
control field OSt
005 - DATE AND TIME OF LATEST TRANSACTION
control field 20260422072254.0
008 - FIXED-LENGTH DATA ELEMENTS--GENERAL INFORMATION
fixed length control field 260422b |||||||| |||| 00| 0 eng d
020 ## - INTERNATIONAL STANDARD BOOK NUMBER
International Standard Book Number 971-510-024-4
040 ## - CATALOGING SOURCE
Original cataloging agency DWCL Main Lib.
Transcribing agency OC
082 ## - DEWEY DECIMAL CLASSIFICATION NUMBER
Classification number 268.4 F952k 1987
100 ## - MAIN ENTRY--PERSONAL NAME
Personal name Fuellenbanch, John SVD
245 ## - TITLE STATEMENT
Title The kingdom of god
Statement of responsibility, etc. John Fuellenbanch SVD
250 ## - EDITION STATEMENT
Edition statement 3rd edition
260 ## - PUBLICATION, DISTRIBUTION, ETC.
Place of publication, distribution, etc. Manila:
Name of publisher, distributor, etc. Divine word publications ;
Date of publication, distribution, etc. c. 1987.
300 ## - PHYSICAL DESCRIPTION
Extent xvi, 168 p. ;
Dimensions 23 cm.
504 ## - BIBLIOGRAPHY, ETC. NOTE
Bibliography, etc. note include index and source materials
942 ## - ADDED ENTRY ELEMENTS (KOHA)
Source of classification or shelving scheme Dewey Decimal Classification
Koha item type Book-Filipiniana
Classification part Fil.
Suppress in OPAC No
952 ## - LOCATION AND ITEM INFORMATION (KOHA)
--
952 ## - LOCATION AND ITEM INFORMATION (KOHA)
--
Holdings
Withdrawn status Lost status Source of classification or shelving scheme Damaged status Not for loan Home library Current library Shelving location Date acquired Total Checkouts Full call number Barcode Date last seen Copy number Price effective from Koha item type Uniform Resource Identifier
    Dewey Decimal Classification     College Library College Library Filipiniana 04/22/2026   Fil. 268.4 F952k 1987 CL31272 04/22/2026 c2 04/22/2026 BK-FIL
    Dewey Decimal Classification     College Library College Library Filipiniana 04/22/2026   Fil. 268.4 F952k 1987 CL31271 04/22/2026 c1 04/22/2026 BK-FIL